| 000 | 00921cam a2200265 a 4500 | ||
|---|---|---|---|
| 001 | 000006613 | ||
| 003 | DO-SdBNP | ||
| 005 | 20251029091110.0 | ||
| 008 | 890518s1978 ve a s000 0bspa | ||
| 035 | _a(DLC) 84100512 | ||
| 040 |
_aDO-SdBNP _cDLC _dDLC _dBNPHU |
||
| 049 | _aBNGR | ||
| 082 |
_a928.87 _bH519t, 1978 |
||
| 100 | 1 |
_aHenríquez Vera, Rigoberto, _918350 |
|
| 245 | 1 | 0 |
_aTejera el desterrado : _bun Quijote con dos patrias, Venezuela y México / _cRigoberto Henríquez Vera. |
| 250 | _a2a. ed. | ||
| 260 |
_aCaracas : _bOficial del Estado Mérida, _c1978. |
||
| 300 |
_a392 p. : _bil. ; _c23 cm. |
||
| 504 | _aBibliografías: p. 379-383. | ||
| 600 | 1 | 0 |
_aTejeda, Humberto, _d1890-1971 _xExilio _zMéxico _918351 |
| 650 | 4 |
_aAutores venezolanos _vSiglo XX _916628 _yBiografía |
|
| 651 | 7 |
_aVenezuela _xPolítica y gobierno _ySiglo XX _926230 |
|
| 910 | _aCatalogación por copia / LC | ||
| 942 |
_2ddc _cLBS1 |
||
| 999 |
_c6403 _d6403 |
||